Państwo według kodu rejestracji samochodu #1 - Statystyki

Ogólne statystyki
  • Ten quiz został rozwiązany 26 razy
  • Średni wynik to 11 z 27
Statystyki odpowiedzi
Kod Państwo % Poprawnych
BOL Boliwia
88%
LT Litwa
88%
LV Łotwa
88%
BY Białoruś
76%
FJI Fidżi
76%
KS Kirgistan
76%
BRU Brunei
72%
J Japonia
72%
LAO Laos
72%
KZ Kazachstan
68%
JA Jamajka
64%
CGO Demokratyczna Republika Konga
52%
KSA Arabia Saudyjska
48%
DJI Dżibuti
48%
GE Gruzja
48%
KIR Kiribati
44%
CDN Kanada
16%
GCA Gwatemala
12%
GUB Gwinea Bissau
12%
CL Sri Lanka
12%
FL Liechtenstein
8%
DZ Algieria
4%
LAR Libia
4%
BS Bahamy
0%
DY Benin
0%
EAK Kenia
0%
EAZ Tanzania
0%
Nie znaleziono quizów pasujących do podanych kryteriów
Rozkład punktacji
Procent ludzi z każdym wynikiem
Percentyl według liczby udzielonych odpowiedzi
Twoja historia wyników
Nie rozwiązałeś tego quizu